|
|
|
|
| LEADER |
00000nam a22000007a 4500 |
| 005 |
20191009003338.0 |
| 007 |
cr|||| |||| |
| 008 |
191009s2019 es |||||s|||| 00||0 spa d |
| 020 |
|
|
|a 9786139436019
|
| 035 |
|
|
|a 29568
|
| 040 |
|
|
|a vLex
|
| 090 |
|
|
|c 9746
|d 9746
|
| 100 |
1 |
|
|a Gonzl̀es Tarrillo, Dilma
|
| 245 |
1 |
2 |
|a La cadena perpetua y la vulneracin̤ a los principios de humanidad
|h [Recurso electrn̤ico] /
|c Dilma Gonzl̀es Tarrillo
|
| 256 |
|
|
|a Servicio en ln̕ea
|
| 260 |
|
|
|a Madrid:
|b Editorial Acadm̌ica Espaǫla,
|c 2019
|
| 300 |
|
|
|a 1 recurso electrn̤ico
|
| 500 |
|
|
|a La investigacin̤ tuvo como objetivo general, analizar si con la aplicacin̤ de la pena de cadena perpetua existe vulneracin̤ a los principios de humanidad y proporcionalidad, en el distrito judicial de Ancash aǫ 2012 – 2014; a fin de ayudar a resolver un problema de carc̀ter polt̕ico ya que est ̀inmerso el Estado, ello en razn̤ a que, el Poder Legislativo o Ejecutivo (excepcionalmente) son los que establecen las penas, Poder Judicial quienes determinan judicialmente la pena, y la sociedad a quienes va dirigido la pena. Los resultados han revelado que con la aplicacin̤ de la pena de cadena perpetua se vulnera los principios de humanidad y proporcionalidad en el distrito judicial de Ancash, puesto que se elimina un derecho fundamental que es la libertad locomotora el condenado, al ser esta pena permanente, intemporal, fijada y tasada, y que no es proporcional a la puesta en peligro o lesin̤ de bien jurd̕ico protegido por el derecho penal.
|
| 506 |
1 |
|
|a Disponible solo en los productos indicados
|d vLex Global
|d vLex Global (Academic Edition, excluding Law Schools)
|d vLex Global (U.S. Academic Edition, Law Schools)
|d vLex Global (U.S. Academic Edition, excluding Law Schools)
|d vLex Global (Academic Edition, Law Schools)
|
| 650 |
0 |
4 |
|a Derecho Penal
|z Espaą
|
| 740 |
0 |
|
|a vLex Libros (Servicio en ln̕ea)
|
| 856 |
4 |
0 |
|u http://vlex.com/source/29568
|z Acceso restringido
|
| 942 |
|
|
|c BOOK
|
| 999 |
0 |
|
|a Criminal law
|